Iniciación al atletismo / (Record no. 144350)

MARC details
000 -LEADER
campo de control de longitud fija 00776nam a2200205 4500
001 - NÚMERO DE CONTROL
campo de control 144350
003 - IDENTIFICADOR DE NÚMERO DE CONTROL
campo de control ES-MaACL
005 - FECHA Y HORA DE LA ÚLTIMA TRANSACCIÓN
campo de control 20230906201011.0
007 - CAMPO FIJO DE DESCRIPCIÓN FÍSICA--INFORMACIÓN GENERAL
campo de control de longitud fija t|
008 - DATOS DE LONGITUD FIJA--INFORMACIÓN GENERAL
campo de control de longitud fija 070214s1970 sp r ||||1| spa d
100 1# - ENTRADA PRINCIPAL--NOMBRE DE PERSONA
Nombre de persona Sintes Sanahuja, Francisco.
9 (RLIN) 106655
245 10 - MENCIÓN DEL TÍTULO
Título Iniciación al atletismo /
Mención de responsabilidad, etc. por Francisco Sintes Sanahuja.
260 ## - PUBLICACIÓN, DISTRIBUCIÓN, ETC.
Lugar de publicación, distribución, etc. Barcelona :
Nombre del editor, distribuidor, etc. Sintes,
Fecha de publicación, distribución, etc. 1970 (
Fabricante Salvadó)
300 ## - DESCRIPCIÓN FÍSICA
Extensión 81 p., 8 lám. ;
Dimensiones 17 cm.
490 1# - MENCIÓN DE SERIE
Mención de serie Biblioteca de atletismo
500 ## - NOTA GENERAL
Nota general Contiene: Educación física y educación integral ; El atletismo, problema social ; El atleta : elección de la especialidad ; Preparación física, técnica y psicológica.
830 0# - PUNTO DE ACCESO ADICIONAL DE SERIE-TÍTULO UNIFORME
Título uniforme Biblioteca de atletismo
9 (RLIN) 182830
852 ## - LOCALIZACIÓN
Ubicación ES-MaACL
Número de control de estantería C-44444
Sublocalización o colección R.74409
Holdings
Estatus retirado Estado de pérdida Estado de daño No para préstamo Biblioteca de origen Biblioteca actual Ubicación en estantería Fecha de adquisición Fuente de adquisición Total de préstamos Signatura topográfica completa Código de barras Visto por última vez Precio de reemplazo Tipo de ítem Koha
        Biblioteca del Ateneo de Madrid Biblioteca del Ateneo de Madrid Depósito 2 17/01/2008     C-44444 1150185 23/02/2023 23/02/2023 Libro impreso